00437nam a2200181Ia 4500003000400000005001700004008004100021020001800062040000700080041000800087082002100095100002000116245005400136250000600190260002800196300001800224365001300242OSt20230412130054.0210423s2009 xx 000 0 und d a9788131727454 cAL aeng a155.7 223bBUSD aBUSS (David M). aEvolutionary psychology: new science of the mind. a3 aNew DelhibZodiacc2009 axviii,476bPB b450cINR